000 00229nam a2200085Ia 4500
008 220204s9999 xx 000 0 und d
245 0 _a14th Rubber Conference: Programme and Papers, IRMRA, 1988
260 _aIRMRA
_c1988
942 _cBK
999 _c43470
_d43470